ABC de los Circuitos Hidráulicos
| Main Authors: | , |
|---|---|
| Format: | Section = Libro |
| Language: | Undetermined Spanish |
| Published: |
México
Diana
1979
|
| Subjects: |
| LEADER | 00625nam a2200229Ia 4500 | ||
|---|---|---|---|
| 008 | 241007s9999||||xx |||||||||||||| ||und|| | ||
| 020 | |a 968-13-0173-0 | ||
| 040 | |a BIBLIOTECA-RURC/ 621.38152 S851 | ||
| 041 | |a spa | ||
| 082 | |a 621.38152 S851 | ||
| 100 | 1 | |a Stewart, Harry L. | |
| 100 | 1 | |b Storer, John M. | |
| 245 | 1 | 0 | |a ABC de los Circuitos Hidráulicos |
| 260 | |a México |b Diana |c 1979 | ||
| 300 | |a 196 p. :il. | ||
| 650 | 7 | |a CIRCUITOS HIDRAULICOS | |
| 650 | 7 | |b CONTROL DE TEMPERATURA | |
| 650 | 7 | |c CIRCUITOS DE PRENSAS | |
| 650 | 7 | |d CIRCUITOS DE MOTORES HIDRAULICOS | |
| 942 | |c BK |2 ddc | ||
| 991 | |a TEXTO | ||
| 999 | |c 14456 | ||